000 00428nam a22001817a 4500
003 MPLRDC
005 20220104114214.0
008 210129b ||||| |||| 00| 0 eng d
020 _a7-211-00692-7
082 _a857.456 HL
100 _a何力编著
245 _a明清名案
_c
250 _a一版一刷
260 _a
_b福建人民出版社
_c1989
300 _b
650 _a历史小说
942 _cBK
_o857.456 HL
999 _c5653
_d5643